01329nam a22001577a 4500999001900000008004100019100005000060245007600110260004900186300003200235520072600267773004900993906001501042942000701057952010701064 c525940d525940240426b ||||| |||| 00| 0 eng d aRabaté, S., Jongen, E. and Atav, T. 951886 aIncreasing the retirement age: Policy effects and underlying mechanisms aAmerican Economic Journal: Economic policy  a16(1), Feb, 2024: p.259-291 aWe study the effects of increasing the statutory retirement age (SRA) in the Netherlands, using regression discontinuity design and administrative data on the universe of the population. We find clear and large employment effects of the reform. A simple model in which individuals stay longer in their pre-SRA labor market state predicts the treatment effects well. The employment level before the SRA and the retirement hazard at the SRA are the key determinants of the effects of the policy change. Exploring potential explanations for the high hazard rate observed in the Netherlands, our results point to an important role for employers' effects.- Reproduced https://www.aeaweb.org/articles?id=10.1257/pol.20210101  aAmerican Economic Journal: Economic policy  aRETIREMENT cAR 00102ddc40709400994aIIPAbIIPAd2024-04-26h16(1), Feb, 2024: p.259-291pAR131733r2024-04-26yAR